Encyclopaedia of the third World (Record no. 1163)

MARC details
000 -LEADER
fixed length control field 00497nam a2200145Ia 4500
020 ## - INTERNATIONAL STANDARD BOOK NUMBER
ISBN 0-8160-1118-4
082 ## - DEWEY DECIMAL CLASSIFICATION NUMBER
Classification number RR 909.091724 KUR-;
100 ## - MAIN ENTRY--AUTHOR NAME
Personal name Kurian, George Thomas
245 #0 - TITLE STATEMENT
Title Encyclopaedia of the third World
260 ## - PUBLICATION, DISTRIBUTION, ETC. (IMPRINT)
Place of publication New York
Name of publisher Facts On File
Year of publication 1978
300 ## - PHYSICAL DESCRIPTION
Number of Pages 3v.
500 ## - GENERAL NOTE
General note Contents: Vol.1.Afghanistan to Ginea(xxix, 798p.).-v.2.Guinea-Bissau to Peru(801-1609p.).-v.3.Philippines to Zimbabwe(1610-2342p.)
650 ## - SUBJECT ADDED ENTRY--TOPICAL TERM
Topical Term Developing countries - Encyclopaedias
942 ## - ADDED ENTRY ELEMENTS (KOHA)
Koha item type Books
Source of classification or shelving scheme Dewey Decimal Classification
Holdings
Withdrawn status Lost status Damaged status Not for loan Home library Current library Date acquired Serial Enumeration / chronology Bill Date Full call number Accession Number Price effective from Koha item type
        NASSDOC Library NASSDOC Library 08/06/2004 V.1(Ref.) 2004-10-22 RR 909.091724 KUR-; 29760 18/04/2019 Books
        NASSDOC Library NASSDOC Library 08/06/2004 V.2(Ref.) 2004-10-22 RR 909.091724 KUR-; 29761 18/04/2019 Books
        NASSDOC Library NASSDOC Library 08/06/2004 V.3(Ref.) 2004-10-22 RR 909.091724 KUR-; 29762 18/04/2019 Books